000 00606cam a2200145 4500500
005 20260208010747.0
041 _afre
042 _adc
100 1 0 _aLorvellec, Yves
_eauthor
245 0 0 _aÉdith Fuchs, Entre Chiens et Loups. Dérives politiques dans la pensée allemande du xxe siècle, Paris, éditions du Félin, 2011, 544 p., 35 €
260 _c2012.
500 _a2
786 0 _nRevue philosophique de la France et de l'étranger | 137 | 1 | 2012-02-17 | p. 101ze-134ze | 0035-3833
856 4 1 _uhttps://shs.cairn.info/revue-philosophique-2012-1-page-101ze?lang=fr&redirect-ssocas=7080
999 _c1658064
_d1658064